00689nam a2200169Ia 4500008004100000020001800041041000800059082001800067100007300085245013400158250000600292260004100298300001400339650000900353999001900362952013800381210716s2010 xx 000 0 und d a9788126526321 aeng a005.2768 GOUM aGousset, Mickey;Keller, Brian;Krishnamoorthy, Ajoy;Woodward, Martin. aProfessional: application lifecycle management with visual studio 2010.bApplication lifecycle management with visual studio 2010 a1 aNew DelhibWiley India Pvt Ltdc2010 axxxix,655 aNone c191273d191273 001040708MCAaAIMITbAIMITeHigginbothams Pvt Ltdg599.00l0o005.2768 GOUMpMCA10781r2026-05-23 00:00:00v449.25w2021-07-16yBK